Kliknij dzielnice Krakowa na mapie - Statystyki

Ogólne statystyki
  • Ten quiz został rozwiązany 110 razy
    64 od ostatniego zresetowania
  • Średni wynik to 12 z 18
Odpowiedzi na mapie
Odpowiedzi zakodowano w zielono-czerwonej skali na mapie do tego quizu, zgodnie z poniższymi procentami.
 
Statystyki odpowiedzi
Odpowiedź % Poprawnych
Nowa Huta
91%
Wzgórza Krzesławickie
78%
Podgórze
76%
Stare Miasto
73%
Prądnik Biały
71%
Zwierzyniec
71%
Krowodrza
69%
Łagiewniki-Boręk Fałęcki
69%
Czyżyny
64%
Dębniki
64%
Grzegórzki
64%
Podgórze Duchackie
64%
Prądnik Czerwony
64%
Bieżanów-Prokocim
62%
Bieńczyce
60%
Bronowice
60%
Swoszowice
60%
Mistrzejowice
51%
Nie znaleziono quizów pasujących do podanych kryteriów
Rozkład punktacji
Procent ludzi z każdym wynikiem
Percentyl według liczby udzielonych odpowiedzi
Twoja historia wyników
Nie rozwiązałeś tego quizu od ostatniego zresetowania